• 首页
  • 本馆介绍
  • 公告通知
  • 最新文献
  • 馆藏检索
  • 电子资源
  • 读者导购
  • 参考咨询
  • 我的图书馆
  • 登录
  • 详细信息显示
  • 放入我的书架
  • 预约/预借图书
  • 作者相关作品
  • 分类相关作品
  • 丛书相关作品
  • 出版社相关作品

书目信息

  • 表格格式
  • 工作单格式
  • 卡片格式
题名:
数据库系统原理及应用教程
    
 
作者: 苗雪兰 编著
分册:  
出版信息: 北京   机械工业出版社  2017.6
页数: 302页
开本: 26cm
丛书名:
单 册:
中图分类: TP311.13
科图分类:
主题词: 数据库系统--高等教育--教材
电子资源:
ISBN: 978-7-111-45858-6
000 00997nam0 2200265 450
001 0400004006
005 20171130155120.57
010    @a978-7-111-45858-6@dCNY49.00
100    @a20140429e2017 em y0chiy50 ea
101 0  @achi
102    @aCN@b110000
105    @ay z 000yy
106    @ar
200 1  @a数据库系统原理及应用教程@9shu ju ku xi tong yuan li ji ying yong jiao cheng@f苗雪兰等编著
205    @a第4版
210    @a北京@c机械工业出版社@d2017.6
215    @a302页@d26cm
300    @a普通高等教育计算机规划教材 “十二五”普通高等教育本科国家级规划教材 普通高等教育“十一五”国家级规划教材
304    @a编著者还有:刘瑞新、邓宇乔、宋歌
330    @a本书系统全面地阐述了数据库系统的基本理论、应用技术和设计方法。书中以流行的SQL Server 2008数据库管理系统为技术案例和实验平台,具有较好的可操作性
606 0  @a数据库系统@x高等教育@j教材
690    @aTP311.13@v5
701  0 @a苗雪兰@9miao xue lan@4编著
801  0 @aCN@bNLC@c20171023
905    @b1027671-5@dTP311.13@f5@e1122=4
    
    数据库系统原理及应用教程/苗雪兰等编著.-第4版.-北京:机械工业出版社,2017.6
    302页;26cm
    普通高等教育计算机规划教材 “十二五”普通高等教育本科国家级规划教材 普通高等教育“十一五”国家级规划教材
    
    ISBN 978-7-111-45858-6:CNY49.00
    本书系统全面地阐述了数据库系统的基本理论、应用技术和设计方法。书中以流行的SQL Server 2008数据库管理系统为技术案例和实验平台,具有较好的可操作性
●
相关链接 在E读中查询图书 在五车中查询图书 在当当中查询图书 在豆瓣中查询图书


正题名:数据库系统原理及应用教程     索取号:TP311.13/1122=4         预约/预借

序号 登录号 条形码 馆藏地/架位号 状态 备注
1 1027671   210276716   第二样本阅览室/ [索取号:TP311.13/1122=4] 在馆    
2 1027672   210276725   密集书库—计算机科学学院/ [索取号:TP311.13/1122=4] 在馆    
3 1027673   210276734   第三借阅区/ [索取号:TP311.13/1122=4] 在馆    
4 1027674   210276743   第三借阅区/ [索取号:TP311.13/1122=4] 在馆    
5 1027675   210276752   第三借阅区/ [索取号:TP311.13/1122=4] 在馆    
唐山师范学院图书馆 欢迎您!
大连网信软件有限公司© 版权所有